000 01045nam a22003017a 4500
003 CHAP
005 20220329134144.0
008 971013s1994 mx r 00010 spa d
010 _a16253
011 _a17225
035 _a21308
040 _cCHAP
082 _a581.634
_bA37
100 0 0 _aAguilar Contreras, Abigail.
_92684
245 1 0 _aHerbario medicinal del Instituto Mexicano del Seguro Social
_b: información etnobotánica
_c/por Abigaíl Aguilar ...[et al.]
260 _aMéxico, D.F. :
_bInstituto Mexicano del Seguro Social,
_c1994
300 _a253 p.
590 _aBATCH-UPD
_b10
_c20130110
_lUCH01
_h1134
590 _aBATCH-UPD
_b10
_c20130410
_lUCH01
_h0722
590 _aBATCH-UPD
_b10
_c20130914
_lUCH01
_h0740
590 _aCONVERSION
_b10
_c20130109
_lUCH01
_h1310
650 1 4 _aBotánica médica.
_914680
650 1 4 _aHerbarios.
_953677
901 _aBK
942 _cLIBRO
949 _a581.634 A37
_bBC
_cC
_d-49639
_eC
_h87010
_i21308
_mD
_si
949 _a581.634 A37
_bBC
_cC
_d33724002238603
_eC
_fc.2
_gDonaciØn
_h114363
_i21308
_sb
999 _c16253
_d16253